01539 a2200205 45000010006000000050017000060080041000230030015000640400040000790800072001192450090001912640032002813000019003135050905003320410008012371000023012457000020012687000025012887000020013135771920260407155837.0260407a2000 arg spa dAR-UNSa-BCEJYS aAR-UNSa-BCEJYSbspacAR-UNSa-BCEJYS a330.341.44xConcentración. Centralización (Industrialización)10aEl desempeño industrial argentino más allá de la sustitución de importaciones 1aBuenos Aires :bCEPALc2000 a336 p.c22 cm. a1. Una evaluación del desempeño de la industria argentina en los años noventa / Carlos E. Bonvecchi – 2. El tránsito de la sustitución de importaciones a la economía abierta: los principales cambios en la estructura industrial argentina en los años setenta y los años noventa / Gabriel Yoguel – 3. Evolución del comercio exterior de la industria manufacturera argentina: de la economía semicerrada a la apertura comercial (1974 – 1997) / Adrián Ramos – 4. La dinámica del empleo industrial desde la crisis del modelo sustitutivo / Gabriel Yoguel – 5. El desarrollo de las capacidades tecnológicas de los agentes en la industria manufacturera argentina en los años noventa / Gabriel Yoguel y Rodrigo Rabetino – 6. Industrialización en un contexto de estabilización y apertura externa. El caso argentino en los noventa / Bernardo Kosacoff y Georgina Gómez  aspa1 aKosacoff, Bernardo1 aYoguel, Gabriel1 aBonvecchi, Carlos E.1 aRamos, Adrián